Letter to Letter - Statistics

General Stats
  • This quiz has been taken 111 times
  • The average score is 20 of 26
Answer Stats
Hint Answer % Correct
H H
88%
I I
84%
J J
82%
G G
81%
M M
81%
N N
81%
O O
79%
V V
79%
X X
79%
Y Y
79%
B B
77%
D D
77%
F F
77%
R R
77%
T T
77%
Z Z
77%
A A
75%
Q Q
75%
S S
75%
U U
75%
K K
74%
L L
74%
C C
72%
E E
72%
W W
72%
P P
68%
No matching quizzes found
Score Distribution
Percent of People with Each Score
Percentile by Number Answered
Your Score History
You have not taken this quiz